Gruppenarbeit im Rahmen der Bewährungshilfe: Bickel

Saved in:  
Bibliographic Details
Main Author: Bickel (Author)
Format: Print Article
Language:German
Published: 1969
In: Die Jugendkriminalrechtspflege im Lichte der kriminologischen Forschung
Year: 1969, Pages: 104-111
Check availability: HBZ Gateway
Keywords:

MARC

LEADER 00000caa a2200000 c 4500
001 1419743767
003 DE-627
005 20220530111938.0
007 tu
008 110831s1969 xx ||||| 00| ||ger c
035 |a (DE-627)1419743767 
035 |a (DE-576)349743762 
035 |a (DE-599)BSZ349743762 
040 |a DE-627  |b ger  |c DE-627  |e rakwb 
041 |a ger 
100 0 |a Bickel  |4 aut 
245 1 0 |a Gruppenarbeit im Rahmen der Bewährungshilfe  |b Bickel 
264 1 |c 1969 
336 |a Text  |b txt  |2 rdacontent 
337 |a ohne Hilfsmittel zu benutzen  |b n  |2 rdamedia 
338 |a Band  |b nc  |2 rdacarrier 
773 0 8 |i In  |t Die Jugendkriminalrechtspflege im Lichte der kriminologischen Forschung  |d Hamburg : Dt. Vereinigung für Jugendgerichte und Jugendgerichtshilfen, 1969  |g (1969), Seite 104-111  |h 181 S.  |w (DE-627)1105243702  |w (DE-576)035243708  |7 nnam 
773 1 8 |g year:1969  |g pages:104-111 
951 |a AR 
ELC |b 1 
LOK |0 000 xxxxxcx a22 zn 4500 
LOK |0 001 2688593129 
LOK |0 003 DE-627 
LOK |0 004 1419743767 
LOK |0 005 20260120133959 
LOK |0 008 110831||||||||||||||||ger||||||| 
LOK |0 040   |a DE-21-110  |c DE-627  |d DE-21-110 
LOK |0 689   |a s  |a Bewährungshilfe 
LOK |0 689   |a s  |a Gruppenarbeit 
LOK |0 852   |a DE-21-110 
LOK |0 852 1  |m p  |9 00 
LOK |0 935   |a k110 
LOK |0 938   |k p 
LOK |0 939   |a 31-08-11  |b l01 
ORI |a SA-MARC-krimdoka001.raw